| 000 | 01673nam a2200421Ii 4500 | ||
|---|---|---|---|
| 001 | DIGMECD0014 | ||
| 003 | NyNyDIG | ||
| 008 | 140813s2013 sp a o 000 0 spa d | ||
| 006 | m o d | ||
| 007 | cr ||||||||||| | ||
| 035 | _a(OCoLC)893890805 | ||
| 040 |
_aDGITA _beng _erda _epn _cDGITA |
||
| 020 |
_a9788436954630 _q(eBook) |
||
| 020 |
_a8436954637 _q(eBook) |
||
| 024 | 7 |
_a030-13-112-7 _2nipo |
|
| 050 | 1 | 4 | _aT385 eBook |
| 100 | 1 |
_aCalle Cabrero, Julio, _eauthor. |
|
| 245 | 1 | 0 |
_aDiseño en 3D con SketcUp _b/ _cautor, Julio Calle Cabrero. |
| 246 | 1 |
_iTitle should read: _aDiseño en 3D con SketchUp |
|
| 264 | 1 |
_a[Madrid] : _bMinisterio de Educación, Cultura y Deporte, Secretaría General Técnica, Subdirección General de Documentación y Publicaciones, _c[2013] |
|
| 300 |
_a1 online resource (186 pages) : _billustrations. |
||
| 336 |
_atext _btxt _2rdacontent |
||
| 337 |
_acomputer _bc _2rdamedia |
||
| 338 |
_aonline resource _bcr _2rdacarrier |
||
| 490 | 1 | _aColección Aula mentor. Serie Diseño y autoedición | |
| 500 | _a"CamSda SGALV"--Cover. | ||
| 588 | 0 | _aOnline resource; title from ePub and PDF title page (Digitalia, viewed Aug. 15, 2014) | |
| 630 | 0 | 0 | _aSketchUp. |
| 650 | 0 | _aThree-dimensional display systems. | |
| 650 | 0 | _aComputer graphics. | |
| 655 | 0 | _aElectronic books. | |
| 791 | 2 |
_aDigitalia (Firm), _edistributor. |
|
| 793 | 0 |
_gDigitalia eBook Collection: _aMinisterio de Educación, Cultura y Deporte de España |
|
| 830 | 0 |
_aAula Mentor. _pSerie Diseño y autoedición. |
|
| 856 | 4 | 0 |
_3Digitalia Hispánica _uhttps://www.digitaliapublishing.com/a/27733/ |
| 910 | _aPremium Collection: 2014 | ||
| 942 | _cRAA | ||
| 999 |
_c238846 _d238846 |
||